Score 0/18 Timer 04:00
1 Play Today
Hint Answer % Correct
TYRAP[p]arty
94%
LABL PRODba[l]l drop
91.3%
STIRF TNGIHFirst Nig[h]t
87.7%
DKIC RCLAKDick Cla[r]k
87.6%
MITES QRSAEUTimes Squ[a]re
85.2%
YOLHADIholida[y]
77.8%
TTASOto[a]st
63.7%
SNIEO KMAERnoise m[a]ker
60.9%
DUAL LGAN YENSAuld Lang S[y]ne
58.8%
Hint Answer % Correct
AGAHCMNEPcham[p]agne
53.6%
THIDMINGmidnigh[t]
41.6%
CMBEEREDD[e]cember
37.3%
REKSOFIWRfir[e]works
32.4%
Hidden Message ->Happy New Year to all!
31.2%
NONOCUWTDcountdo[w]n
25%
FENTOCITc[o]nfetti
19.7%
EBEETCLARce[l]ebrate
13.4%
NRSETOUOILresolutio[n]
11.5%

You're not logged in!

Compare scores with friends on all Sporcle quizzes.
OR
Log In

Sporcle TV

Today on Sporcle TV


Watch our educational content, quiz creation guides, and fun videos on Sporcle TV.

Show Comments

Extras

Top Quizzes Today


Score Distribution

Paid Content

Your Account Isn't Verified!

In order to create a playlist on Sporcle, you need to verify the email address you used during registration. Go to your Sporcle Settings to finish the process.

Report this User

Report this user for behavior that violates our Community Guidelines.

Details: